Score 0/21 Timer 07:00
0 Plays Today
% Correct
Kabul
97.6%
Baghdad
96.4%
Ankara
91.6%
Abu Dhabi
91.6%
Baku
90.4%
Doha
90.4%
Riyadh
89.2%
Islamabad
86.7%
Manama
86.7%
Muscat
86.7%
Kuwait City
85.5%
% Correct
MalΓ©
81.9%
Moscow
77.1%
Ashgabat
75.9%
Victoria
74.7%
Antananarivo
72.3%
Port-Louis
71.1%
Moroni
67.5%
Mexico City
25.3%
San Salvador
24.1%
Guatemala City
22.9%
Remove Ads.
Support Sporcle.
Get the best of Sporcle when you Go Orange. This ad-free experience offers more features, more stats, and more fun while also helping to support Sporcle. Thank you for becoming a member.

You're not logged in!

Compare scores with friends on all Sporcle quizzes.
OR
Log In

Show Comments

Extras

Created May 4, 2015ReportNominate
Tags:Draw, Facing, iran, straight

Top Quizzes Today


Score Distribution

Your Account Isn't Verified!

In order to create a playlist on Sporcle, you need to verify the email address you used during registration. Go to your Sporcle Settings to finish the process.

Report this User

Report this user for behavior that violates our Community Guidelines.

Details: